Statistiques concernant Culture Générale - Série 1568

Cliquez ici pour prendre le quiz!

Statistiques générales

  • Ce quiz a été pris 104 fois
  • Le résultat moyen est 5 sur 10

Statistiques - réponses

QuestionRéponse% Correct
Qu'est-ce qui peut être "enchantée" chez Mozart, "à champagne" dans un cocktail et "bien cuite" chez le boulanger ?flûte
100%
Quel homme d'État sud-africain, est devenu président de son pays, après 26 années de prison ?Nelson Mandela
99%
À quel philosophe doit-on le “Discours sur l'origine et les fondements de l'inégalité parmi les hommes” en 1755 ?Jean-Jacques Rousseau
60%
Dans quelle série télévisée retrouvait-on le lion Clarence atteint de strabisme ?Daktari
57%
Quel est le prénom du compositeur italien Verdi ?Giuseppe
57%
Quelle fleur fait-on macérer dans l'huile de noix de coco, pour obtenir l'huile parfumée polynésienne appelée “monoï” ?tiaré
54%
En France, en quelle année a été instauré le permis de conduire à points ?1992
51%
Quelle céréale, ancêtre du blé tendre, pouvant être "grand" ou "petit", également appelée "blé sauvage", est surnommée "le blé des Gaulois"?épeautre
36%
Comment appelle-t-on un bateau spécialisé dans la pêche au hareng ?harenguier
17%
En 1942, à quel philosophe, prénommé Gaston, doit-on “L'Eau et les Rêves” ?Gaston Bachelard
14%

Distribution des résultats

Percentile par nombre de réponses

% des personnes avec chaque résultat

Votre développement - résultats

Vous n’avez pas pris ce quiz